OBX Sudden Death Quiz - Statistics

General Stats
  • This quiz has been taken 275 times
  • The average score is 3 of 8
Answers on the Grid
Answers color-coded by a green-red scale on the quiz's grid according to % correct below.
There are 5 seasons of OBX
Kiara's dad's name is Mike
Luke is JJ's dad
John B breaks his wrist because of topper
Kiara said "Do You Have Any Idea How Special Your Son Is?"
Sarah said “Never heard anyone whine like that before.”
John B's dad is dead
The Pouges find the Blue Crown
Schooter Grubs drowned
Carlos Shing is the bad guy in season 2
Cleo first appeared in season 2
JJ's dad killed him
 
Answer Stats
Answer % Correct
Kiara's dad's name is Mike
78%
John B breaks his wrist because of topper
49%
The Pouges find the Blue Crown
40%
Kiara said "Do You Have Any Idea How Special Your Son Is?"
38%
John B's dad is dead
37%
Sarah said “Never heard anyone whine like that before.”
30%
JJ's dad killed him
29%
Schooter Grubs drowned
21%
No matching quizzes found
Score Distribution
Percent of People with Each Score
Percentile by Number Answered
Your Score History
You have not taken this quiz